000 00375nam a2200121 4500
999 _c9675
_d9675
008 180713b ||||| |||| 00| 0 eng d
100 _928664
_aSeaman, Andrew M.
245 _aSmoking boosts heart attack; risk 8-fold for younger adults/
_cAndrew M. Seaman
260 _aPhilippines
_bManila Bulletin
_cc2016
300 _apage 7.
650 0 _928665
_aSmoking.
942 _2ddc
_cPER